Systém manažérstva kvality a jeho ďalšie normalizačné zabezpečenie
Charakteristika skratky ISO. Nové normy ISO 9001 a ISO 9004 a ich aplikácia. Požiadavky na dokumentáciu podľa normy ISO 9001:2008. Terminológia noriem ISO 9001 a ISO 9004. Návod na koncepciu a používanie procesného prístupu v systémoch manažérstva. Návod na externe zaobstarávané procesy. Implementác...
Salvato in:
| Autore principale: | |
|---|---|
| Altri autori: | , |
| Natura: | Capitolo di libro |
| Lingua: | slovacco |
| Soggetti: | |
| Tags: |
Nessun Tag, puoi essere il primo ad aggiungerne!!
|
MARC
| LEADER | 00000naa$a2200000$$$4500 | ||
|---|---|---|---|
| 001 | 0089329 | ||
| 005 | 20231012065547.1 | ||
| 041 | 0 | |a slo | |
| 044 | |a SK | ||
| 245 | 1 | 0 | |a Systém manažérstva kvality a jeho ďalšie normalizačné zabezpečenie |c Matej Bílý, Jozef Grauzeľ, Peter Lakatoš |
| 520 | |a Charakteristika skratky ISO. Nové normy ISO 9001 a ISO 9004 a ich aplikácia. Požiadavky na dokumentáciu podľa normy ISO 9001:2008. Terminológia noriem ISO 9001 a ISO 9004. Návod na koncepciu a používanie procesného prístupu v systémoch manažérstva. Návod na externe zaobstarávané procesy. Implementácia normy ISO 9001:2008. Návod na zavedenie článku 1.2 Aplikácia v norme ISO 9001:2008. Norma ISO 9001:2000 + doplnok = ISO 9001:2008. | ||
| 610 | 2 | 0 | |a normy ISO |
| 610 | 2 | 0 | |a normy kvality |
| 610 | 2 | 0 | |a riadenie kvality |
| 610 | 2 | 0 | |a normalizácia |
| 100 | 1 | |a Bílý, Matej | |
| 700 | 1 | |a Grauzeľ, Jozef | |
| 700 | 1 | |a Lakatoš, Peter | |